[Event "Saint Louis Blitz 2020"]
[Site "Saint Louis"]
[Date "2020.09.18"]
[Round "1"]
[White "Carlsen, Magnus"]
[Black "Nakamura, Hikaru"]
[Result "1-0"]
[WhiteElo "2863"]
[BlackElo "2736"]
[Annotator "TA"]
[PlyCount "97"]
[EventDate "2020.09.18"]
[EventType "blitz"]
[EventCountry "USA"]
[SourceTitle "playchess.com"]
[Source "ChessBase"]
[SourceQuality "1"]

{[%evp 9,97,-6,0,14,42,39,89,76,93,101,94,94,91,82,107,88,92,87,89,87,116,122,
139,80,88,93,89,83,73,64,79,83,99,93,190,91,94,77,72,77,77,80,103,105,116,121,
106,118,156,155,148,159,176,176,216,207,250,262,258,234,327,239,321,291,434,
440,428,437,538,537,505,492,934,1005,950,982,917,917,875,853,821,716,771,738,
1198,1188,1179,1173,1043,1034]} 1. c4 e5 2. Nc3 Nf6 3. e3 (3. Nf3 Nc6 4. e3 d5
5. cxd5 Nxd5 6. Qc2 Ndb4 7. Qb1 f5 8. a3 Nd5 9. d3 Be6 10. Be2 Be7 11. O-O O-O
12. Nxd5 Bxd5 13. b4 a6 {1-0 (43) Carlsen,M (2863)-Nakamura,H (2736) chess24.
com INT 2020}) 3... d5 4. cxd5 Nxd5 5. Qh5 Nc6 6. Bb5 {[#] A22: English
Opening: 1...e5 2 Nc3 Nf6.} Ndb4 $146 ({Predecessor:} 6... Qd6 7. Nf3 Bd7 8.
Ng5 Nb8 9. Nge4 {1-0 (9) Dubov,D (2624)-Eliseev,U (2550) Moscow 2013}) 7. Qxe5+
Be6 {...Nd3+ is the strong threat.} 8. Qe4 {White is better.} a6 9. Be2 Be7 10.
a3 Nd5 11. Nf3 O-O 12. O-O Na5 13. Nd4 Nxc3 14. dxc3 $40 {[%mdl 128] Strongly
threatening Bd3. White attacks with force.} Bd5 15. Qg4 {And now Nf5 would win.
} Nb3 {[#]} 16. Nxb3 (16. Rd1 $142 $1 h5 17. Qxh5 Nxa1 18. Bd3) 16... Bxb3 $16
17. e4 Bc5 18. Bg5 Qd6 19. Bf4 Qe7 20. Qg3 Rad8 21. e5 {Hoping for Bg5.} ({
Don't play} 21. Bxc7 $6 Rd2 $11) 21... Qe6 {[#]} (21... Rfe8 $16 {was called
for.}) 22. h4 (22. Bg5 $1 $18 {[%cal Rg5f6] Black must now prevent Bf6.} Rb8
23. Bf6) 22... Kh8 23. h5 h6 24. Bg4 Qc6 25. Bf3 Bd5 26. Rad1 Bxf3 27. Qxf3 ({
Resist} 27. gxf3 $6 Rxd1 28. Rxd1 g5 $14) 27... Qxf3 28. gxf3 c6 29. Kg2 Rfe8
30. Bg3 Kg8 31. f4 Be7 32. f5 Bc5 33. Kf3 a5 34. Ke4 a4 35. f4 Be7 36. Bf2 b5 (
36... c5 $142 37. Rg1 Kf8) 37. Rg1 $18 {White is clearly winning.} Kf8 38. Bb6
Rb8 39. Bc7 Rb7 40. Bd6 c5 (40... Rd7 $142 41. Bxe7+ Rexe7) 41. Bxe7+ Rbxe7 {
[#]} 42. Rxg7 $3 {[%mdl 576] Remove Defender, Decoy} Kxg7 43. f6+ {[%mdl 64]
Double Attack} Kf8 44. fxe7+ Kxe7 45. Rd5 Rc8 46. f5 Rc6 47. f6+ Ke8 48. Rd6
Rc8 49. Rb6 {Accuracy: White = 88%, Black = 50%.} 1-0

[Event "Saint Louis Blitz 2020"]
[Site "Saint Louis"]
[Date "2020.09.18"]
[Round "1"]
[White "Aronian, Levon"]
[Black "Firouzja, Alireza"]
[Result "1-0"]
[WhiteElo "2773"]
[BlackElo "2728"]
[Annotator "TA"]
[PlyCount "79"]
[EventDate "2020.09.18"]
[EventType "blitz"]
[EventCountry "USA"]
[SourceTitle "playchess.com"]
[Source "ChessBase"]
[SourceQuality "1"]

{[%evp 13,79,52,52,61,62,0,23,-18,44,6,75,85,83,85,121,117,122,110,182,179,168,
111,95,80,96,89,170,157,163,153,209,191,200,175,193,180,164,176,174,146,155,
119,156,148,150,141,154,141,273,260,281,282,283,265,1540,1375,966,897,29963,
11752,5691,5879,29984,29985,29985,29986,29982,29983]} 1. d4 Nf6 2. c4 g6 3. Nc3
Bg7 4. e4 d6 5. Be2 O-O 6. Be3 e5 7. d5 Na6 8. g4 {E73: King's Indian:
Averbakh Variation without 6...c5.} Nc5 9. Bf3 {[#]} (9. f3 $1 $14) 9... Bd7
$146 ({Predecessor:} 9... c6 10. g5 Ne8 11. dxc6 Ne6 12. cxb7 Bxb7 13. Qd2 Nd4
14. Bxd4 exd4 15. Nd5 Rc8 {0-1 (32) Markoja,B (2430)-Saric,I (2695) Skopje 2018
}) 10. b4 {White has an edge.} Na6 (10... Ncxe4 $11 11. Nxe4 Nxe4 12. Bxe4 f5)
11. Rb1 Qc8 (11... c6 $11) 12. g5 $16 Ne8 13. h4 f6 14. Be2 fxg5 15. hxg5 Rf7 (
15... Nb8 $16) 16. c5 $1 $18 Nb8 17. Nf3 (17. Bc4 $18) 17... a5 $16 {and if ...
axb4 works, Black does fine.} 18. a3 {[%cal Ba2a3,Ba3b4,Bb4b5][%mdl 32]} axb4
19. axb4 Qd8 (19... Bg4 $16 {was worth a try.}) 20. Nd2 Bf8 21. Nc4 Na6 {[#]} (
21... Be7 $16) 22. c6 $1 $18 {[%mdl 512]} bxc6 23. dxc6 Be6 24. b5 Nc5 25. Bxc5
dxc5 26. Qxd8 ({And not} 26. Nxe5 Bg7 $15) 26... Rxd8 27. Nd5 Bxd5 28. exd5 Nd6
29. b6 $36 {[%mdl 2048] White is really pushing.} cxb6 30. Rxb6 Ra8 (30... Nxc4
$16 31. Bxc4 Bd6) 31. O-O ({Much less strong is} 31. Nxe5 $6 Rf4 $16) 31...
Nxc4 32. Bxc4 {Strongly threatening d6!} Bd6 {[#]} 33. Rfb1 $1 Ra4 $2 {[#]} (
33... Raa7 34. c7 Bxc7) 34. Rb8+ $1 {[%mdl 512]} Kg7 (34... Bxb8 35. Rxb8+) 35.
Rd8 Rxc4 36. Rxd6 Rg4+ 37. Kf1 Rb4 38. Rxb4 {White mates.} cxb4 39. Rd7 b3 40.
Rb7 {Accuracy: White = 84%, Black = 44%.} 1-0

[Event "Saint Louis Blitz 2020"]
[Site "Saint Louis"]
[Date "2020.09.18"]
[Round "1"]
[White "Harikrishna, Pentala"]
[Black "Dominguez Perez, Leinier"]
[Result "0-1"]
[WhiteElo "2732"]
[BlackElo "2758"]
[Annotator "TA"]
[PlyCount "54"]
[EventDate "2020.09.18"]
[EventType "blitz"]
[EventCountry "USA"]
[SourceTitle "playchess.com"]
[Source "ChessBase"]
[SourceQuality "1"]

{[%evp 9,54,7,10,8,8,3,10,-3,-4,-16,-14,-16,14,5,40,32,41,0,107,-22,0,-1,-15,
-166,-155,-159,-134,-190,-190,-255,-270,-270,-311,-439,-372,-461,-446,-433,
-407,-1533,-1551,-1600,-1586,-1546,-1522,-2014,-1926]} 1. c4 e6 2. Nf3 d5 3. e3
Nf6 4. b3 b6 5. Bb2 Bb7 6. Nc3 {A13: English Opening: 1...e6.} Nbd7 7. d4 Bd6
8. cxd5 {The position is equal.} exd5 9. g3 {[#]} Qe7 $5 $146 {[%mdl 8] An
interesting novelty.} ({Predecessor:} 9... O-O 10. Bg2 Ba6 11. Ne2 Bb4+ 12. Kf1
Ne4 13. Kg1 Re8 14. Nf4 c6 15. Rc1 Rc8 {1/2-1/2 (33) Harutyunian,T (2551)
-Sargsyan,S (2594) Jermuk 2020}) 10. Bg2 a6 11. O-O O-O-O 12. a4 h5 13. Qc1 h4
(13... Ne4 $11) 14. Ba3 ({Much worse is} 14. gxh4 $6 Kb8 $11) (14. Nxh4 $16 g6
15. Qc2) 14... hxg3 $11 15. hxg3 Ne4 {[#] Threatens to win with ...Bxa3.} 16.
Nxe4 $2 {White does not recover from this.} (16. Bxd6 $11 {and White has
nothing to worry.} Qxd6 17. a5) 16... dxe4 $19 17. Nd2 f5 18. Nc4 (18. Bxd6 $17
Qxd6 19. Qc4) 18... Bxa3 19. Qxa3 {[#]} (19. Rxa3 {was worth a try.} g5 20. Rd1
) 19... Qe6 $1 20. Rfc1 Kb8 ({And not} 20... Qh6 21. Nd6+ Kb8 22. Nf7 $16) 21.
Nd2 (21. a5 {was necessary.} b5 22. Ne5) 21... g5 {...f4! is the strong threat.
} (21... Qh6 22. a5 $17) 22. Qb4 Nf6 ({Less strong is} 22... Qh6 23. Kf1 $19)
23. Qc4 Nd5 24. g4 (24. a5 $142 b5 25. Qc2) 24... f4 {Black is clearly winning.
} 25. Nxe4 Qxg4 26. f3 Qh4 27. exf4 gxf4 {Accuracy: White = 38%, Black = 85%.}
0-1

[Event "Saint Louis Blitz 2020"]
[Site "Saint Louis"]
[Date "2020.09.18"]
[Round "1"]
[White "Xiong, Jeffery"]
[Black "So, Wesley"]
[Result "1-0"]
[WhiteElo "2709"]
[BlackElo "2770"]
[Annotator "TA"]
[PlyCount "131"]
[EventDate "2020.09.18"]
[EventType "blitz"]
[EventCountry "USA"]
[SourceTitle "playchess.com"]
[Source "ChessBase"]
[SourceQuality "1"]

{[%evp 15,131,7,12,12,12,15,19,22,21,14,18,14,25,20,8,18,21,27,18,0,0,8,14,1,2,
1,1,4,26,10,43,20,60,38,53,41,74,81,94,87,174,163,162,166,158,168,174,166,166,
166,159,160,152,117,110,110,122,125,160,177,258,258,258,258,258,258,258,258,
258,258,258,258,258,258,420,243,496,258,258,258,253,614,614,431,5089,2582,1042,
0,0,8,29966,29953,9453,1084,29949,29950,29965,29959,29977,29978,29978,29972,
29973,29974,29974,29972,29972,29973,29969,29970,29970,29971,29978,29979,29988,
29989,29988,29989]} 1. d4 Nf6 2. c4 e6 3. Nc3 Bb4 4. Qc2 O-O 5. a3 Bxc3+ 6.
Qxc3 d5 7. Nf3 dxc4 8. Qxc4 b6 9. Bg5 {E36: Nimzo-Indian: Classical: 4...d5 5
a3.} Ba6 {9...Bb7 is the fancy move. Played by Pentala Harikrishna in August
2020.} 10. Qa4 h6 11. Bh4 {The position is equal.} c5 12. dxc5 bxc5 13. Rd1 Qb6
14. Bxf6 gxf6 15. e3 Bxf1 16. Kxf1 Nc6 {[#]} 17. h4 $1 $146 {[%mdl 8] A
relevant novelty.} ({Predecessor:} 17. g3 Rfd8 18. Kg2 Qc7 19. Qg4+ Kh7 20. Rc1
Qb7 21. Qf4 Ne5 22. Qxf6 Ng4 23. Qc3 {1/2-1/2 (89) Navara,D (2703)-Alekseenko,
K (2715) Budva 2019}) 17... Rfd8 18. Rb1 Rd5 19. Rh3 {Qf4 is the strong threat.
} Rad8 20. Kg1 Kf8 21. Rg3 Ke7 22. Rg4 h5 23. Rc4 Ne5 24. Nxe5 Rxe5 25. b4 Red5
26. Rbc1 {[%cal Rb4c5]} cxb4 27. Rxb4 Qd6 (27... Ra5 $16 28. Qc2 (28. Rxb6 Rxa4
29. Rb3 f5 $11) 28... Rb5) 28. Rb7+ Rd7 29. Qxa7 {Hoping for Rxd7+.} Rxb7 30.
Qxb7+ $18 {[%mdl 4096] Endgame KQR-KQR} Kf8 31. Qb4 Qxb4 32. axb4 {KR-KR} Rb5
33. Rc4 Ke7 34. g4 hxg4 35. Rxg4 f5 36. Rc4 Rb8 37. Kg2 Kf6 (37... Rg8+ {
was necessary.} 38. Kf3 Rb8) 38. Kf3 Kg6 39. Ke2 Kh5 40. Kd3 e5 41. Kc3 $1 e4
42. Rc7 Kxh4 43. Rxf7 Kg4 44. Kb3 $1 Rb6 $2 (44... Rd8 {was called for.} 45. b5
Rd1) 45. Rf8 (45. Rc7 $142 Kf3 46. Rc2) 45... Rb7 $2 (45... Rd6 46. b5 Rd1) 46.
Rd8 (46. Rc8 $142 Kf3 47. Rc2) 46... Kf3 47. Rd2 f4 48. exf4 Kxf4 49. Rd5 Rf7 (
49... Rb8 $142 50. Kc4 Kf3) 50. b5 Kf3 51. Rd2 $2 (51. Re5 $18 {Black must now
prevent Re6.} Kf4 52. Re8) 51... Kg2 $1 $11 52. Re2 Kf3 $2 {[%mdl 8192] This
move loses the game for Black.} (52... Rf4 $11) 53. Re3+ Kf4 54. Kb4 Rf6 55.
Ka5 {White mates.} Rf5 56. Ka6 Rc5 57. b6 {[%cal Bb5b6,Bb6b7][%mdl 32]} Rc2 58.
b7 Ra2+ 59. Kb6 Rb2+ 60. Kc7 Rc2+ 61. Kd7 Rb2 {[#]} 62. Kc6 $1 Rc2+ 63. Kd5
Rd2+ {[#]} 64. Kc4 $1 Rxf2 65. Rb3 Rc2+ 66. Kb5 {Accuracy: White = 86%, Black
= 65%.} 1-0

[Event "Saint Louis Blitz 2020"]
[Site "Saint Louis"]
[Date "2020.09.18"]
[Round "2"]
[White "Carlsen, Magnus"]
[Black "Xiong, Jeffery"]
[Result "1-0"]
[WhiteElo "2863"]
[BlackElo "2709"]
[Annotator "TA"]
[PlyCount "71"]
[EventDate "2020.09.18"]
[EventType "blitz"]
[EventCountry "USA"]
[SourceTitle "playchess.com"]
[Source "ChessBase"]
[SourceQuality "1"]

{[%evp 13,71,4,0,-2,0,0,25,28,41,7,12,13,17,0,25,0,31,-13,-7,-13,0,0,16,16,31,
0,6,0,8,2,9,0,12,13,13,13,12,13,10,13,26,0,19,0,12,0,0,0,0,0,8,6,8,6,15,8,
29995,29996,29997,29998]} 1. e4 c5 2. Nf3 Nc6 3. Nc3 e6 4. d4 cxd4 5. Nxd4 a6
6. Nxc6 bxc6 7. e5 Qc7 8. Bf4 {B46: Sicilian: Taimanov: 5 Nc3 a6.} Ne7 9. Bd3
Ng6 10. Bxg6 $1 {White has an edge.} hxg6 {[#]} 11. Bg3 $5 $146 {[%mdl 8] An
interesting novelty.} ({Predecessor:} 11. O-O f5 12. Re1 c5 13. Qd3 Bb7 14.
Rad1 Rh4 15. Bg3 Qc6 16. f3 Rd4 17. Qe3 {0-1 (58) Nepomniachtchi,I (2751)
-Andreikin,D (2712) Moscow 2018}) 11... c5 12. O-O Bb7 13. Re1 Be7 14. Ne4 Rb8
15. b3 (15. Nf6+ $5 Kd8 16. b3 $11) 15... c4 16. Qd4 cxb3 17. cxb3 Bxe4 (17...
Rc8 {with more complications.} 18. Bf4 O-O 19. Bg5 Ba3 20. Rad1 Qa5) 18. Qxe4
O-O 19. Rad1 Rfc8 20. h4 Rb4 21. Qd3 a5 22. Qxd7 Bxh4 23. Qxc7 Rxc7 24. a3 Rg4
25. Bxh4 Rxh4 $11 {[%mdl 4096] Endgame KRR-KRR} 26. g3 Rh5 27. b4 Rb7 28. Re4
Rb5 29. Rd8+ Kh7 30. Rf8 axb4 31. axb4 Rf5 32. Rh4+ Rh5 33. Rc4 Rf5 34. g4 Rf3
$2 {[%mdl 8192] [#]} (34... Rfxe5 $11 35. Rxf7 Re1+ 36. Kh2 Rb1) 35. g5 {
[%cal Rc4h4]} Rh3 36. Rcc8 {Accuracy: White = 80%, Black = 77%.} 1-0

[Event "Saint Louis Blitz 2020"]
[Site "Saint Louis"]
[Date "2020.09.18"]
[Round "2"]
[White "So, Wesley"]
[Black "Harikrishna, Pentala"]
[Result "1-0"]
[WhiteElo "2770"]
[BlackElo "2732"]
[Annotator "TA"]
[PlyCount "65"]
[EventDate "2020.09.18"]
[EventType "blitz"]
[EventCountry "USA"]
[SourceTitle "playchess.com"]
[Source "ChessBase"]
[SourceQuality "1"]

{[%evp 9,65,18,18,18,15,13,19,12,24,13,33,31,37,23,27,20,29,15,30,30,30,28,39,
30,61,78,80,87,89,35,90,86,94,89,112,94,99,124,206,176,645,402,393,0,0,0,96,94,
83,70,451,429,410,404,531,517,493,490]} 1. e4 c6 2. d4 d5 3. e5 Bf5 4. Nd2 e6
5. Nb3 a6 6. Nf3 {B12: Caro-Kann: Advance Variation.} Nd7 7. Be2 Rc8 8. O-O {
The position is equal.} c5 9. dxc5 Nxc5 10. c3 {[#]} Nd7 $146 ({Predecessor:} 
10... Ne7 11. Nxc5 Rxc5 12. Nd4 Bg6 13. b4 Rc8 14. b5 axb5 15. Bg5 Qa5 16. a4
b4 17. cxb4 Qxb4 {1-0 (27) Sasikiran,K (2673)-Sadhwani,R (2434) Sitges 2018})
11. Be3 Ne7 12. Nbd4 Bg6 13. a4 Nc6 14. Nxc6 Rxc6 15. Nd4 Rc8 16. f4 Be7 17. f5
exf5 18. e6 Nf6 19. exf7+ (19. Nxf5 O-O $14) ({White should play} 19. Qb3 $16)
19... Kxf7 (19... Bxf7 $14 20. Nxf5 (20. Rxf5 O-O $11) 20... O-O) 20. h4 $16 f4
21. Bxf4 Bc5 22. h5 Be4 23. h6 Rg8 (23... Re8 $16) 24. Bg5 Qd6 $2 (24... Rc6)
25. hxg7 Qg3 {[%csl Ge4][%cal Rg3g2] [#]} 26. Rxf6+ $2 (26. Bh5+ $1 $18 Kxg7
27. Bxf6+ Kh6 28. Bf3 (28. Rf2 Rcf8 $18) 28... Bxd4+ 29. Qxd4 Qxg2+ 30. Bxg2
Rxg2+ 31. Kh1 Rf2+ 32. Qxe4 Rxf1+ 33. Rxf1 dxe4 34. Bd4) 26... Kxg7 $11 {
[%csl Ge4][%cal Rg3g2]} 27. Rf2 Rgf8 (27... Rcf8 $1 $11 {remains equal.} 28.
Bf3 Rxf3 29. Rxf3 Qxg5) 28. Bf3 $16 Bxf3 {[#]} 29. Qd2 $1 $36 {[%mdl 2048]
White fights for an advantage.} Bxd4 $4 {[%mdl 8192] Black cannot hold the
game after this.} ({Black should try} 29... Kg8 $14) 30. Qxd4+ Kg6 31. Be7 ({
Weaker is} 31. Bh4 Qg4 $18) 31... Rf7 {intending ...Be4.} 32. Qd3+ {[%mdl 64]
Pin} Kg7 {Strongly threatening ...Qxf2+!} 33. Rxf3 {Accuracy: White = 84%,
Black = 53%.} 1-0

[Event "Saint Louis Blitz 2020"]
[Site "Saint Louis"]
[Date "2020.09.18"]
[Round "2"]
[White "Dominguez Perez, Leinier"]
[Black "Aronian, Levon"]
[Result "1/2-1/2"]
[WhiteElo "2758"]
[BlackElo "2773"]
[Annotator "TA"]
[PlyCount "83"]
[EventDate "2020.09.18"]
[EventType "blitz"]
[EventCountry "USA"]
[SourceTitle "playchess.com"]
[Source "ChessBase"]
[SourceQuality "1"]

{[%evp 16,83,32,-2,18,-13,19,19,37,16,42,0,9,4,0,2,18,6,14,0,0,-3,-3,0,0,-9,-8,
-18,-12,-16,-4,-22,0,-10,0,0,0,4,6,7,10,11,14,6,8,0,0,0,0,0,0,0,0,0,0,0,0,0,0,
0,0,0,0,0,0,0,0,0,0,0]} 1. e4 e5 2. Nf3 Nc6 3. Bb5 Nf6 4. O-O Nxe4 5. d4 Nd6 6.
Bxc6 dxc6 7. dxe5 Nf5 8. Qxd8+ Kxd8 9. h3 Bd7 {C67: Ruy Lopez: Berlin Defence:
4 0-0 Nxe4.} 10. Rd1 Ke8 11. Nc3 Ne7 12. Bf4 Ng6 13. Bh2 Be7 {The position is
equal.} 14. Rd2 Rd8 15. Rad1 Bc8 16. Nd4 Nf8 {[#]} 17. a4 $146 ({Predecessor:} 
17. Nce2 a6 18. Nf4 c5 19. Nde2 Rxd2 20. Rxd2 h5 21. Nd5 Bd8 22. Nef4 h4 23. c4
{1/2-1/2 (48) Dominguez Perez,L (2754)-Grischuk,A (2783) Beijing 2013}) 17...
h5 18. a5 a6 19. e6 Nxe6 20. Nxe6 Bxe6 21. Bxc7 Rxd2 22. Rxd2 Rh6 23. Ne4 Bd5
24. Nc3 Bb4 25. Rd3 Bxc3 26. Rxc3 $11 {[%mdl 4096] Endgame KRB-KRB} Re6 27. Kf1
Kd7 28. Bb6 Be4 29. Rc4 Bg6 30. Rd4+ Rd6 31. Rxd6+ Kxd6 {KB-KB} 32. c3 Bd3+ 33.
Ke1 Kd5 34. h4 f6 35. g3 Ke4 36. Bd4 Bc4 37. Kd2 Kf3 38. b4 Ke4 39. Ke1 Kf3 40.
Kd2 Ke4 41. Be3 Kf3 42. Bd4 {Accuracy: White = 93%, Black = 93%.} 1/2-1/2

[Event "Saint Louis Blitz 2020"]
[Site "Saint Louis"]
[Date "2020.09.18"]
[Round "2"]
[White "Nakamura, Hikaru"]
[Black "Grischuk, Alexander"]
[Result "1-0"]
[WhiteElo "2736"]
[BlackElo "2777"]
[Annotator "TA"]
[PlyCount "97"]
[EventDate "2020.09.18"]
[EventType "blitz"]
[EventCountry "USA"]
[SourceTitle "playchess.com"]
[Source "ChessBase"]
[SourceQuality "1"]

{[%evp 9,97,20,20,8,8,7,13,0,0,0,0,0,0,0,0,0,0,0,0,0,23,0,0,0,0,0,0,0,0,0,20,
-22,-15,-24,0,-38,23,0,50,50,50,50,51,38,47,29,34,36,31,0,0,0,24,14,21,8,34,26,
31,0,0,0,0,0,0,0,29,29,56,40,40,43,50,0,0,0,991,943,852,895,875,828,1302,1125,
1187,1201,1189,1144,962,826]} 1. e4 e5 2. Nf3 Nc6 3. Bb5 Nf6 4. d3 Bc5 5. Bxc6
dxc6 6. Nbd2 {C65: Ruy Lopez: Berlin Defence (3...Nf6), unusual lines and 4
0-0 Bc5.} (6. O-O {looks sharper.} Nd7 7. c3 O-O 8. Qc2 Bd6 9. Be3) 6... Be6 {
6...Nd7 is a critical line.} 7. O-O Nd7 8. Nb3 {The position is equal.} (8. Qe2
{is interesting.} f6 9. c3 O-O 10. d4 exd4 11. cxd4 Bd6 12. Nc4) 8... Bb6 9.
Ng5 Bxb3 10. axb3 Qe7 11. Nf3 {[#]} a6 $146 ({Predecessor:} 11... O-O 12. Nd2
Nc5 13. Nc4 f6 14. b4 Ne6 15. c3 Rad8 16. Qe2 a6 17. g3 Rd7 {1-0 (102)
Dominguez Perez,L (2763)-Wang,H (2726) Khanty-Mansiysk 2019}) 12. Nd2 Ba7 13.
Nc4 O-O-O 14. Qe1 Kb8 15. Be3 Bxe3 16. Qxe3 f6 17. f4 exf4 18. Qxf4 Ne5 19. Kh1
Rhe8 20. Na5 c5 21. Qg3 Rd7 22. Nc4 Qe6 (22... Nc6 $15) 23. Rf5 Ka7 24. Nxe5
fxe5 25. Raf1 b6 26. Qf3 Kb7 27. h4 a5 28. Qg3 Rde7 29. R1f2 Qd7 30. Qe3 Re6
31. Kh2 R6e7 32. R2f3 Re6 33. Qf2 R6e7 34. Rg3 Qe6 35. h5 Qh6 36. Qe3 Qd6 37.
Rgf3 Qe6 38. Qg5 Qg8 39. Rf8 Qe6 $1 40. Rxe8 Rxe8 41. Qxg7 $14 {[%mdl 4096] [#]
Endgame aiming for Rf7. KQR-KQR} Rg8 $1 {[%cal Rg8g7]} 42. Rf6 Qxb3 $2 {
[%mdl 8192]} (42... Qc8 $11 43. Qxh7 Qg4) 43. Qxh7 $18 {White is clearly
winning.} Qa2 44. Qf7 Qxf7 45. Rxf7 a4 46. Kh3 b5 47. g4 b4 48. Kh4 Kc6 49. h6
{Accuracy: White = 87%, Black = 81%.} 1-0

[Event "Saint Louis Blitz 2020"]
[Site "Saint Louis"]
[Date "2020.09.18"]
[Round "2"]
[White "Firouzja, Alireza"]
[Black "Nepomniachtchi, Ian"]
[Result "1-0"]
[WhiteElo "2728"]
[BlackElo "2784"]
[Annotator "TA"]
[PlyCount "67"]
[EventDate "2020.09.18"]
[EventType "blitz"]
[EventCountry "USA"]
[SourceTitle "playchess.com"]
[Source "ChessBase"]
[SourceQuality "1"]

{[%evp 9,67,25,37,18,27,12,21,16,32,29,29,30,124,38,77,62,79,77,88,74,78,69,79,
45,61,30,45,52,52,41,45,42,46,0,54,40,163,49,64,63,53,53,89,81,219,207,756,752,
693,677,725,727,716,719,1058,1034,29996,29997,29997,29998]} 1. Nf3 d6 2. d4 g6
3. e4 Nf6 4. Nc3 {[%cal Bb1c3,Bc3e4,Be4c5][%mdl 32]} a6 5. a4 Bg7 6. h3 {
B06: Modern Defence.} Nc6 7. Bc4 Nxe4 8. Bxf7+ {The position is equal.} Kxf7 9.
Nxe4 d5 10. Nc5 {[#]} Rf8 $146 (10... Re8 $11) ({Predecessor:} 10... Qd6 11.
Ng5+ Kg8 12. Qf3 Bf6 13. c3 h6 14. Bf4 e5 15. Nge4 dxe4 16. Nxe4 Qe7 17. Bxh6
Rxh6 18. Nxf6+ {0-1 (28) Kavisha,S (1723)-Safranska,A (2211) Barbera del
Valles 2018}) 11. O-O (11. Ng5+ $1 $16 Kg8 12. Nce6 Bxe6 13. Nxe6) 11... Kg8
12. c3 $1 e5 13. dxe5 Nxe5 14. Nxe5 Bxe5 15. a5 c6 16. Be3 Bc7 17. b4 Qd6 {
[%csl Gc7][%cal Rd6h2]} 18. f4 $1 g5 {[%cal Rg5f4]} 19. Qh5 gxf4 20. Bd4 Qg6
21. Qxg6+ hxg6 22. Rae1 Bd6 {[#]} (22... Kf7 $14) 23. Be5 (23. Nxb7 $1 $18 {
[%mdl 512]} Bc7 (23... Bxb7 24. Re6) 24. Nc5) 23... Bxc5+ 24. bxc5 Bf5 25. Rxf4
Rae8 {[#]} 26. Rh4 $1 {[%cal Rh4h8] aiming for Rh8+.} g5 (26... Re6 $16) 27.
Rh5 $18 g4 $2 (27... Kf7) 28. hxg4 Bd3 29. Rg5+ Kf7 30. Rg7+ Ke6 31. Bd6+ Kf6
32. Rge7 {White wants to mate with R1e6+.} Rc8 33. R1e6+ Kg5 34. Rg7+ {[%mdl
64] Discovered Attack. Accuracy: White = 77%, Black = 37%.} 1-0

[Event "Saint Louis Blitz 2020"]
[Site "Saint Louis"]
[Date "2020.09.18"]
[Round "3"]
[White "Nepomniachtchi, Ian"]
[Black "Dominguez Perez, Leinier"]
[Result "1-0"]
[WhiteElo "2784"]
[BlackElo "2758"]
[Annotator "TA"]
[PlyCount "79"]
[EventDate "2020.09.18"]
[EventType "blitz"]
[EventCountry "USA"]
[SourceTitle "playchess.com"]
[Source "ChessBase"]
[SourceQuality "1"]

{[%evp 16,79,20,15,14,19,33,18,22,12,11,0,8,15,9,11,14,0,35,18,39,28,34,38,51,
41,54,35,64,49,47,40,39,36,40,5,36,34,43,40,40,38,39,35,57,49,116,56,50,45,54,
46,86,78,98,102,208,212,212,91,232,233,290,281,29973,29971]} 1. b3 d5 2. Bb2 c5
3. e3 Nf6 4. Nf3 g6 5. c4 dxc4 6. Bxc4 Bg7 7. O-O O-O 8. d4 cxd4 9. Nxd4 Bd7 {
E60: King's Indian: Unusual lines and Fianchetto Variation without Nc3.} 10.
Nd2 Nc6 11. N4f3 {[#]} a6 $146 {The position is equal.} ({Predecessor:} 11...
Qa5 12. a3 Rfd8 13. b4 Qh5 14. Qb3 Be8 15. Rfd1 a5 16. b5 a4 17. Qa2 Na5 {
0-1 (70) Nepomniachtchi,I (2784)-Gelfand,B (2676) chess24.com INT 2020}) 12.
Rc1 b5 13. Be2 Qb6 14. a3 Rfd8 15. Qc2 Rac8 16. Qb1 Ne8 17. Bxg7 Nxg7 18. Qb2
Bf5 19. b4 Ne6 20. Rc3 Bg4 21. Rfc1 {Hoping for Ne5!} Na7 22. h3 Bxf3 23. Nxf3
Rxc3 24. Rxc3 Rc8 25. Rd3 Rd8 26. Ne5 Rxd3 27. Nxd3 Qd6 28. Qc3 Qc6 29. Qe5 Qc7
30. Qd5 Kg7 (30... Nc6 $14) 31. Bf3 (31. Bg4 $16) 31... Nc8 $14 32. Bg4 Nb6 33.
Qe4 Nf8 34. Qd4+ f6 35. Nc5 e5 (35... Qd6 $16 {was necessary.}) 36. Qd3 $18 f5
37. Bd1 ({And not} 37. Nxa6 Qc1+ 38. Bd1 Nc4 $14) (37. Be2 $18 {has better
winning chances.}) 37... Nc4 (37... Nbd7 $16) 38. Bb3 ({Weaker is} 38. Nxa6 Qa7
$14) 38... Nd6 39. Qd5 e4 $2 {[#]} (39... Qe7 $18 40. Nxa6 e4) 40. Qg8+ {
Accuracy: White = 83%, Black = 62%.} 1-0